Clasificación decimal universal : (Record no. 191508)

MARC details
000 -LEADER
campo de control de longitud fija 01883nam a22003851 4500
001 - NÚMERO DE CONTROL
campo de control 191508
003 - IDENTIFICADOR DE NÚMERO DE CONTROL
campo de control SpMaBN
005 - FECHA Y HORA DE LA ÚLTIMA TRANSACCIÓN
campo de control 20250727150807.0
008 - DATOS DE LONGITUD FIJA--INFORMACIÓN GENERAL
campo de control de longitud fija 220926m19559999sp spa
016 7# - NÚMERO DE CONTROL DE UNA AGENCIA BIBLIOGRÁFICA NACIONAL
Número de control del registro bimoBNE19972231839
Número de control cancelado/no válido IND9100163836 [
Fuente SpMaBN]
017 ## - NÚMERO DE COPYRIGHT O DE DEPÓSITO LEGAL
Número de copyright o de depósito legal M 9550-1958
Agencia que asigna Oficina Depósito Legal Madrid
035 ## - NÚMERO DE CONTROL DEL SISTEMA
Número de control de sistema (OCoLC)431980261
040 ## - FUENTE DE CATALOGACIÓN
Centro catalogador/agencia de origen SpMaBN
Lengua de catalogación spa
Centro/agencia transcriptor A2
080 ## - NÚMERO DE LA CLASIFICACIÓN DECIMAL UNIVERSAL
Número de la Clasificación Decimal Universal
-- 025.45 CDU (083.74)
245 00 - MENCIÓN DEL TÍTULO
Título Clasificación decimal universal :
Resto del título tablas completas.
250 ## - MENCION DE EDICION
Mención de edición Ed. en español.
260 ## - PUBLICACIÓN, DISTRIBUCIÓN, ETC.
Lugar de publicación, distribución, etc. Madrid :
Nombre del editor, distribuidor, etc. Instituto Nacional de Racionalización del Trabajo,
Fecha de publicación, distribución, etc. 1955-<1972>
300 ## - DESCRIPCIÓN FÍSICA
Extensión v. ;
Dimensiones 30 cm.
490 1# - MENCIÓN DE SERIE
Mención de serie Pub. FID 243
505 1# - NOTA DE CONTENIDO CON FORMATO
Nota de contenido con formato 0. Obras generales 1. Filosofía 2. Religión, Teología 3. Ciencias sociales, 2 v. 37. Pedagogía 57. Biología 58. Botánica 59. Zoología 61. Medicina [62]. Ingeniería, ptes. 1-3 63. Agricultura 64. Economía doméstica 65. Organización científica 7. Bellas Artes
650 #7 - PUNTO DE ACCESO ADICIONAL DE MATERIA--TÉRMINO DE MATERIA
Término de materia o nombre geográfico como elemento de entrada Clasificación decimal universal
Fuente del encabezamiento o término embne
9 (RLIN) 164660
710 2# - ENTRADA AGREGADA--NOMBRE DE ENTIDAD CORPORATIVA
Nombre de entidad corporativa o nombre de jurisdicción como elemento de entrada Instituto Nacional de Racionalización del Trabajo (España)
9 (RLIN) 5185
830 0# - PUNTO DE ACCESO ADICIONAL DE SERIE-TÍTULO UNIFORME
Título uniforme Pub. FID 243
9 (RLIN) 226032
852 ## - LOCALIZACIÓN
Ubicación ES-MaACL
Número de control de estantería A-15113
itemnumber 198731
Ubicación en estantería Depósito 1
Signatura antigua Olim: 025.45 CDU (1955-1972)
852 ## - LOCALIZACIÓN
Ubicación ES-MaACL
Número de control de estantería A-15114
itemnumber 198732
Ubicación en estantería Depósito 1
Signatura antigua Olim: 025.45 CDU (1955-1972)
852 ## - LOCALIZACIÓN
Ubicación ES-MaACL
Número de control de estantería A-15115
itemnumber 198733
Ubicación en estantería Depósito 1
Signatura antigua Olim: 025.45 CDU (1955-1972)
852 ## - LOCALIZACIÓN
Ubicación ES-MaACL
Número de control de estantería A-15116
itemnumber 198734
Ubicación en estantería Depósito 1
Signatura antigua Olim: 025.45 CDU (1955-1972)
852 ## - LOCALIZACIÓN
Ubicación ES-MaACL
Número de control de estantería A-15117
itemnumber 198735
Ubicación en estantería Depósito 1
Signatura antigua Olim: 025.45 CDU (1955-1972)
852 ## - LOCALIZACIÓN
Ubicación ES-MaACL
Número de control de estantería A-15118
itemnumber 198736
Ubicación en estantería Depósito 1
Signatura antigua ES-MaACL
852 ## - LOCALIZACIÓN
Ubicación ES-MaACL
Número de control de estantería A-15119
itemnumber 198737
Ubicación en estantería Depósito 1
Signatura antigua Olim: 025.45 CDU (1955-1972)
852 ## - LOCALIZACIÓN
Ubicación ES-MaACL
Número de control de estantería A-15120
itemnumber 198738
Ubicación en estantería Depósito 1
Signatura antigua Olim: 025.45 CDU (1955-1972)
852 ## - LOCALIZACIÓN
Ubicación ES-MaACL
Número de control de estantería A-15121
itemnumber 198739
Ubicación en estantería Depósito 1
Signatura antigua Olim: 025.45 CDU (1955-1972)
942 ## - ELEMENTOS DE ENTRADA SECUNDARIOS (KOHA)
Fuente del sistema de clasificación o colocación Clasificación decimal universal
Holdings
Estatus retirado Estado de pérdida Fuente del sistema de clasificación o colocación Estado de daño No para préstamo Biblioteca de origen Biblioteca actual Ubicación en estantería Fecha de adquisición Total de préstamos Signatura topográfica completa Código de barras Visto por última vez Precio de reemplazo Tipo de ítem Koha
    Clasificación decimal universal     Biblioteca del Ateneo de Madrid Biblioteca del Ateneo de Madrid Depósito 1 26/09/2022   A-15113 1203891 23/02/2023 23/02/2023 Libro impreso
    Clasificación decimal universal     Biblioteca del Ateneo de Madrid Biblioteca del Ateneo de Madrid Depósito 1 26/09/2022   A-15114 1203882 23/02/2023 23/02/2023 Libro impreso
    Clasificación decimal universal     Biblioteca del Ateneo de Madrid Biblioteca del Ateneo de Madrid Depósito 1 26/09/2022   A-15115 1203883 23/02/2023 23/02/2023 Libro impreso
    Clasificación decimal universal     Biblioteca del Ateneo de Madrid Biblioteca del Ateneo de Madrid Depósito 1 26/09/2022   A-15116 1203884 23/02/2023 23/02/2023 Libro impreso
    Clasificación decimal universal     Biblioteca del Ateneo de Madrid Biblioteca del Ateneo de Madrid Depósito 1 26/09/2022   A-15117 1203885 23/02/2023 23/02/2023 Libro impreso
    Clasificación decimal universal     Biblioteca del Ateneo de Madrid Biblioteca del Ateneo de Madrid Depósito 1 26/09/2022   A-15118 1203887 23/02/2023 23/02/2023 Libro impreso
    Clasificación decimal universal     Biblioteca del Ateneo de Madrid Biblioteca del Ateneo de Madrid Depósito 1 26/09/2022   A-15119 1203888 23/02/2023 23/02/2023 Libro impreso
    Clasificación decimal universal     Biblioteca del Ateneo de Madrid Biblioteca del Ateneo de Madrid Depósito 1 26/09/2022   A-15120 1203889 23/02/2023 23/02/2023 Libro impreso
    Clasificación decimal universal     Biblioteca del Ateneo de Madrid Biblioteca del Ateneo de Madrid Depósito 1 26/09/2022   A-15121 1203890 23/02/2023 23/02/2023 Libro impreso